000 00907nam a2200277Ia 4500
003 OSt
005 20220918171047.0
006 a|||||r|||| 00| 0
007 ta
008 220917b |||||||| |||| 00| 0 eng d
020 _a9781138504585 (pbk)
_cUKP 29.99
024 _a348,306
037 _b56946, 15/01/2019, Segment Book Distributors
_cTextual
040 _aARTS
_cARTS
_beng
041 _2eng
_aeng
082 _aP:(R), P0;Q9
100 _aLycan William G. Au.
_933732
245 0 _aPhilosophy of language
_b contemporary introduction
250 _a3rd
260 _aNew York
_bRoutledge USA
_c2017
300 _axiii,238p.
_ccm.
490 _aRoutledge contemporary introducations to philosophy
650 _aLINGUISTICS; PHILOSOPHY
_928496
942 _hP:(R), P0;Q9
_cTEXL
_2CC
999 _c137641
_d137641